Name a country that... #6 - Statistics

General Stats
  • This quiz has been taken 52 times
  • The average score is 7 of 7
Answer Stats
Name a country that... # of countries Countries % Correct
claims part of Antarctica 7 Australia/Norway/United Kingdom/Argentina/New Zealand/France/Chile
100%
starts with the letter D 5 Democratic Republic of the Congo/Djibouti/Denmark/Dominica/Dominican Republic
100%
Touches the Mediterranean Sea 22 Spain/France/Monaco/Italy/Slovenia/Croatia/Bosnia and Herzegovina/Montenegro/ Albania/Greece/Malta/Turkey/Syria/Cyprus/ Lebanon/Israel/Palestine/Egypt/Libya/Tunisia/ Algeria/Morocco
100%
has an eagle on their flag 9 Albania/Egypt/Mexico/Kazakhstan/Moldova/Montenegro/Serbia/Zambia/Zimbabwe
98%
who's capital starts with L 14 Angola/Bolivia/Cyprus/Gabon/Lithuania/Malawi/Slovenia/Peru/Portugal/Togo/United Kingdom/ Zambia/Luxembourg/Eswatini
96%
borders Albania 4 Greece/Montenegro/North Macedonia/Kosovo
91%
has over 50 million people but hasn't won an Olympic medal 6 Bangladesh/Democratic Republic of the Congo/Tanzania/Myanmar/Sudan/Uganda
87%
No matching quizzes found
Score Distribution
Percent of People with Each Score
Percentile by Number Answered
Your Score History
You have not taken this quiz